[Event "Hradec Kralove Open 2021 - A FIDE Open"]
[Site "Cernigov hotel, Hradec Kralove"]
[Date "2021.11.07"]
[Round "2"]
[Board "17"]
[White "Jiruse, Josef"]
[Black "Bruna, Matous"]
[Result "1-0"]
[WhiteElo "1962"]
[BlackElo "1692"]
[PlyCount "91"]
[EventDate "2021.11.06"]
[EventRounds "9"]
[EventCountry "CZE"]

1. e4 c5 2. Nc3 Nc6 3. f4 e6 4. Nf3 g6 5. Bc4 Bg7 6. d3 Nge7 7. O-O O-O 8. Bb3
d5 9. Qe1 Na5 10. exd5 Nxb3 11. axb3 Nxd5 12. Bd2 b6 13. Ne5 Bb7 14. Qg3 Nb4
15. Rac1 Nc6 16. Kh1 Qe7 17. Nxc6 Bxc6 18. Rce1 Qd7 19. Nd1 b5 20. Bc3 Bxc3 21.
bxc3 Qd6 22. Ne3 f5 23. Nd1 Rac8 24. Re5 a5 25. Nb2 Bd7 26. Qe3 Rfd8 27. Ra1
Qc7 28. h3 Kf7 29. Kh2 Re8 30. Qe1 Ra8 31. Qh4 Kg7 32. Qg3 a4 33. bxa4 bxa4 34.
Ra3 Ra6 35. Re1 Bb5 36. c4 Bd7 37. Rea1 Rea8 38. Qe3 Qb6 39. R1a2 Qd6 40. c3 g5
41. Qe5+ Qxe5 42. fxe5 Kg6 43. d4 Bc6 44. Nd3 cxd4 45. Nb4 Rb6 46. c5  1-0

[Event "Hradec Kralove Open 2021 - A FIDE Open"]
[Site "Cernigov hotel, Hradec Kralove"]
[Date "2021.11.07"]
[Round "2"]
[Board "25"]
[White "Gloser, Tomas"]
[Black "Marsina, Stefan"]
[Result "1/2-1/2"]
[WhiteElo "1414"]
[BlackElo "1791"]
[PlyCount "109"]
[EventDate "2021.11.06"]
[EventRounds "9"]
[EventCountry "CZE"]

1. e4 d6 2. d4 Nf6 3. Nc3 g6 4. Nf3 Bg7 5. Bc4 O-O 6. O-O Nc6 7. d5 Ne5 8. Nxe5
dxe5 9. f3 Qd6 10. Be3 a6 11. a4 Nh5 12. Qd2 f5 13. Ne2 Nf6 14. Qd3 Bd7 15. c3
fxe4 16. fxe4 e6 17. b4 b6 18. Rad1 exd5 19. Bxa6 Bxa4 20. Rd2 Nxe4 21. Rxf8+
Rxf8 22. Qxd5+ Qxd5 23. Rxd5 Kh8 24. Bd3 Nd6 25. Bxb6 Bb3 26. c4 Nxc4 27. Bxc7
Ne3 28. Rd8 Kg8 29. Rxf8+ Bxf8 30. b5 Bc5 31. Bxe5 Nc2+ 32. Kh1 Bb6 33. Bxc2
Bxc2 34. Bd4 Bd3 35. Nf4 Bxd4 36. Nxd3 Kf7 37. Nb4 Ke6 38. Nc2 Bc5 39. g4 Kd5
40. Kg2 Kc4 41. Kf3 Kxb5 42. g5 Kc6 43. Ne3 Kd6 44. Ng4 Ke6 45. Nf6 h5 46. Ne4
Ba3 47. Nf2 Kf5 48. h4 Bb2 49. Nh3 Bc3 50. Nf4 Be5 51. Nxg6 Kxg6 52. Kg2 Kf5
53. Kf3 Bc3 54. Kg2 Kg4 55. Kh1  1/2-1/2

[Event "Hradec Kralove Open 2021 - A FIDE Open"]
[Site "Cernigov hotel, Hradec Kralove"]
[Date "2021.11.07"]
[Round "2"]
[Board "28"]
[White "Barabas, Ales"]
[Black "Stocek, Jiri"]
[Result "1-0"]
[WhiteElo "1745"]
[BlackElo "1261"]
[PlyCount "97"]
[EventDate "2021.11.06"]
[EventRounds "9"]
[EventCountry "CZE"]

1. Nf3 Nf6 2. g3 g6 3. Bg2 Bg7 4. O-O O-O 5. c4 Nc6 6. d4 d6 7. Nc3 a6 8. e4
Bg4 9. h3 Bxf3 10. Bxf3 Qc8 11. Bg2 Nd7 12. Be3 Rb8 13. Rc1 e5 14. d5 Ne7 15.
Qd2 f6 16. b4 Nb6 17. Bxb6 cxb6 18. Na4 Qd8 19. Qe3 b5 20. cxb5 axb5 21. Nc3
Qd7 22. Qe2 f5 23. Qxb5 Qd8 24. f3 f4 25. g4 Bf6 26. Na4 Bh4 27. Nb6 Rf7 28.
Rc2 Bg3 29. Rfc1 Kg7 30. Rc7 g5 31. Qd7 Qxd7 32. Rxd7 Kg6 33. Rcc7 Re8 34. Rxb7
h5 35. Rxd6+ Rf6 36. gxh5+ Kg7 37. Rxf6 Kxf6 38. Nd7+ Kg7 39. Nxe5 Kf6 40. Ng4+
Kf7 41. d6 Ra8 42. Rxe7+ Kf8 43. Rc7 Ke8 44. Rc2 Kd7 45. e5 Rh8 46. h6 Bh4 47.
Rc7+ Kd8 48. Rg7 Bg3 49. h7  1-0

[Event "Hradec Kralove Open 2021 - A FIDE Open"]
[Site "Cernigov hotel, Hradec Kralove"]
[Date "2021.11.07"]
[Round "2"]
[Board "30"]
[White "Dusek, Vladimir"]
[Black "Kutak, Jaroslav"]
[Result "1-0"]
[WhiteElo "1635"]
[BlackElo "1257"]
[PlyCount "47"]
[EventDate "2021.11.06"]
[EventRounds "9"]
[EventCountry "CZE"]

1. e4 e5 2. Nf3 Nf6 3. Nxe5 Nc6 4. Nxc6 dxc6 5. f3 Bc5 6. c3 O-O 7. d4 Bb6 8.
Bg5 h6 9. Bh4 g5 10. Bf2 Re8 11. Nd2 g4 12. Qc2 Qd5 13. Bc4 Qg5 14. O-O-O Be6
15. Kb1 Bxc4 16. Nxc4 a5 17. Ne5 Nh7 18. Nxg4 a4 19. Be3 Qe7 20. Nxh6+ Kh8 21.
Qf2 Ra5 22. Qg3 f5 23. exf5 Qxe3 24. Nf7#  1-0

[Event "Hradec Kralove Open 2021 - A FIDE Open"]
[Site "Cernigov hotel, Hradec Kralove"]
[Date "2021.11.08"]
[Round "3"]
[Board "1"]
[White "Michalek, Michal"]
[Black "Plischki, Sebastian"]
[Result "0-1"]
[WhiteElo "2161"]
[BlackElo "2368"]
[PlyCount "162"]
[EventDate "2021.11.06"]
[EventRounds "9"]
[EventCountry "CZE"]

1. d4 Nf6 2. c4 g6 3. Nf3 Bg7 4. Nc3 d6 5. g3 c6 6. Bg2 Bf5 7. O-O Ne4 8. Nxe4
Bxe4 9. Be3 O-O 10. Qd2 Nd7 11. Rfd1 e6 12. Rac1 a5 13. Bh6 Bxh6 14. Qxh6 Bxf3
15. exf3 d5 16. b3 a4 17. Qd2 axb3 18. axb3 Qb6 19. c5 Qc7 20. f4 Ra3 21. Ra1
Rfa8 22. Rxa3 Rxa3 23. Qb4 Ra7 24. Bf1 b5 25. cxb6 Qxb6 26. Qc3 Nf6 27. Bd3 Ra3
28. Rb1 Kg7 29. Bc2 Ne8 30. Qe3 Qd8 31. Qc3 Qd6 32. Qe3 Nc7 33. Bd3 Kg8 34. Bf1
Na6 35. Bxa6 Rxa6 36. b4 h5 37. h4 Qb8 38. Qc3 Qb5 39. Kg2 Ra2 40. Re1 Kg7 41.
Rc1 Qe2 42. Qf3 Qd2 43. Rxc6 Qxd4 44. Rc7 Rb2 45. Rd7 Rxb4 46. f5 gxf5 47. Qxh5
Qf6 48. Rc7 Qg6 49. Qe2 Re4 50. Qb2+ Qf6 51. Qxf6+ Kxf6 52. Kf3 Rb4 53. Ke2 Rb8
54. Rd7 Re8 55. Ke3 Re7 56. Rd8 Ra7 57. Ke2 Ke5 58. h5 Ra1 59. Rh8 Kf6 60. Rh7
d4 61. f3 Ra2+ 62. Kd3 e5 63. f4 Ra3+ 64. Kc4 Rxg3 65. fxe5+ Kxe5 66. Rxf7 Rc3+
67. Kb4 Rc6 68. Re7+ Kd5 69. Rf7 Rb6+ 70. Ka5 Ke6 71. Rg7 Rb1 72. h6 Rh1 73. h7
d3 74. Rg3 Rxh7 75. Rxd3 f4 76. Kb4 Rc7 77. Rc3 Rxc3 78. Kxc3 Kf5 79. Kd2 Kg4
80. Ke2 Kg3 81. Kf1 Kf3  0-1

[Event "Hradec Kralove Open 2021 - A FIDE Open"]
[Site "Cernigov hotel, Hradec Kralove"]
[Date "2021.11.08"]
[Round "3"]
[Board "2"]
[White "Dusbaba, Karel"]
[Black "Jirasek, Pavel"]
[Result "0-1"]
[WhiteElo "2007"]
[BlackElo "2271"]
[PlyCount "48"]
[EventDate "2021.11.06"]
[EventRounds "9"]
[EventCountry "CZE"]

1. c4 e5 2. Nc3 Nc6 3. g3 g6 4. Bg2 Bg7 5. e3 d6 6. Nge2 h5 7. d4 h4 8. f4 exd4
9. Nxd4 Nge7 10. Nce2 Bg4 11. Qd2 Qd7 12. Rb1 O-O-O 13. h3 Bxe2 14. Nxe2 hxg3
15. Nxg3 Nf5 16. Ne4 Rde8 17. Qf2 Nh4 18. Ng3 Nb4 19. Bf1 Qa4 20. b3 Qa5 21.
Kd1 Nxa2 22. Bd2 Nc3+ 23. Kc2 Qa2+ 24. Rb2 Qxb2+  0-1

[Event "Hradec Kralove Open 2021 - A FIDE Open"]
[Site "Cernigov hotel, Hradec Kralove"]
[Date "2021.11.08"]
[Round "3"]
[Board "3"]
[White "Kamenskyi, Dmytro"]
[Black "Thuesen, Mogens"]
[Result "1/2-1/2"]
[WhiteElo "1973"]
[BlackElo "2188"]
[PlyCount "100"]
[EventDate "2021.11.06"]
[EventRounds "9"]
[EventCountry "CZE"]

1. e4 c5 2. Nf3 e6 3. g3 Nc6 4. Bg2 Nf6 5. e5 Ng4 6. d4 cxd4 7. Bf4 d6 8. Nxd4
Nxd4 9. Qxd4 dxe5 10. Qxd8+ Kxd8 11. Bd2 Bc5 12. O-O f5 13. Bc3 Bd4 14. Bxd4
exd4 15. Rd1 Ke7 16. Rxd4 e5 17. Rd2 Be6 18. Nc3 Rad8 19. Rad1 Rxd2 20. Rxd2 e4
21. f3 exf3 22. Bxf3 Ne5 23. Kf2 Kf6 24. Nd5+ Bxd5 25. Rxd5 Rc8 26. Rd6+ Ke7
27. Rd2 b6 28. Be2 g5 29. c3 f4 30. gxf4 Rf8 31. Ke3 Rxf4 32. Rd4 Rf8 33. h4 h6
34. a4 Ng6 35. hxg5 hxg5 36. a5 Nf4 37. Bg4 Ng2+ 38. Ke4 bxa5 39. Ke5 Rd8 40.
Rxd8 Kxd8 41. Kf5 Nf4 42. Kxg5 Nd3 43. b3 Nc5 44. Bd1 Ne4+ 45. Kf5 Nxc3 46. Bc2
Kc7 47. Ke5 Kb6 48. Kd4 Nb5+ 49. Kc4 Na3+ 50. Kc3 Nxc2  1/2-1/2

[Event "Hradec Kralove Open 2021 - A FIDE Open"]
[Site "Cernigov hotel, Hradec Kralove"]
[Date "2021.11.08"]
[Round "3"]
[Board "6"]
[White "Pein, Jonathan"]
[Black "Jiruse, Josef"]
[Result "1-0"]
[WhiteElo "2218"]
[BlackElo "1962"]
[PlyCount "33"]
[EventDate "2021.11.06"]
[EventRounds "9"]
[EventCountry "CZE"]

1. e4 c5 2. Nf3 Nc6 3. d4 cxd4 4. Nxd4 Nf6 5. Nc3 a6 6. Nxc6 dxc6 7. Qxd8+ Kxd8
8. Bf4 b5 9. O-O-O+ Ke8 10. e5 Ng4 11. Rd2 g6 12. Be2 Bh6 13. Bxh6 Nxh6 14. Bf3
Bb7 15. Rhd1 Kf8 16. Rd7 Rb8 17. Rc7  1-0

[Event "Hradec Kralove Open 2021 - A FIDE Open"]
[Site "Cernigov hotel, Hradec Kralove"]
[Date "2021.11.08"]
[Round "3"]
[Board "7"]
[White "Valenta, Vit Vaclav"]
[Black "Vestfal, Jan"]
[Result "1-0"]
[WhiteElo "2042"]
[BlackElo "1940"]
[PlyCount "59"]
[EventDate "2021.11.06"]
[EventRounds "9"]
[EventCountry "CZE"]

1. b4 {[%emt 0:00:00]} a5 2. b5 c5 3. c4 b6 4. Bb2 Nf6 5. g3 Bb7 6. Nf3 e6 7.
Bg2 d5 8. cxd5 Nxd5 9. a4 Nd7 10. O-O Qc7 11. Na3 O-O-O 12. Nc4 f6 13. d4 h5
14. Nh4 g5 15. Ng6 Rh6 16. Nxf8 Rxf8 17. e4 Nb4 18. dxc5 Nxc5 19. Nd6+ Kb8 20.
Nxb7 Nxb7 21. Rc1 Nc5 22. e5 fxe5 23. Qe2 Ka7 24. Bxe5 Qe7 25. Rfd1 Rd8 26.
Rxd8 Qxd8 27. Rd1 Nd5 28. Bxd5 Nxa4 29. Qc2 Nc5 30. Bg2  1-0

[Event "Hradec Kralove Open 2021 - A FIDE Open"]
[Site "Cernigov hotel, Hradec Kralove"]
[Date "2021.11.08"]
[Round "3"]
[Board "8"]
[White "Zelbova, Lada"]
[Black "Bergerhoff, Andreas"]
[Result "0-1"]
[WhiteElo "1956"]
[BlackElo "2039"]
[PlyCount "62"]
[EventDate "2021.11.06"]
[EventRounds "9"]
[EventCountry "CZE"]

1. d4 Nf6 2. Bf4 d5 3. e3 e6 4. Nd2 Bd6 5. Bg3 Qe7 6. Ngf3 Ne4 7. Nxe4 dxe4 8.
Bh4 f6 9. Nd2 g5 10. Bg3 f5 11. Qh5+ Kd8 12. O-O-O Bd7 13. f3 Be8 14. Qh6 Bxg3
15. hxg3 Bg6 16. Nc4 Nd7 17. Ne5 Rg8 18. Bb5 Nxe5 19. dxe5+ Kc8 20. Bd7+ Kb8
21. fxe4 a6 22. Rd4 Ka7 23. exf5 Bxf5 24. Qf6 Qc5 25. c3 Raf8 26. Qh6 Qxe5 27.
e4 Bg6 28. Qh3 c5 29. Ra4 Rf6 30. Re1 Rd8 31. Bb5 Qd6  0-1

[Event "Hradec Kralove Open 2021 - A FIDE Open"]
[Site "Cernigov hotel, Hradec Kralove"]
[Date "2021.11.08"]
[Round "3"]
[Board "10"]
[White "Sharon, Rafael"]
[Black "Zdechovsky, Tobias"]
[Result "1-0"]
[WhiteElo "1810"]
[BlackElo "2012"]
[PlyCount "95"]
[EventDate "2021.11.06"]
[EventRounds "9"]
[EventCountry "CZE"]

1. e4 c6 2. d4 d5 3. e5 Bf5 4. Ne2 e6 5. Ng3 Bg6 6. h4 h5 7. Bd3 Bxd3 8. cxd3
Qb6 9. Be3 Qxb2 10. Nd2 Na6 11. O-O Qa3 12. Nb3 g6 13. Bg5 Be7 14. Qd2 Bxg5 15.
Qxg5 Qe7 16. Qf4 Nh6 17. Rab1 b6 18. Rbc1 Rc8 19. Rc3 Nf5 20. Nxf5 gxf5 21.
Rfc1 Kd7 22. g3 Rhg8 23. f3 Nb4 24. Ra1 Rg6 25. a3 Na6 26. Kf2 Rcg8 27. Rg1 Nc7
28. a4 Qb4 29. Qc1 Qxa4 30. Qc2 Qb5 31. Qd2 Na6 32. g4 fxg4 33. f4 Qb4 34. Kg3
Nb8 35. Rb1 Qe7 36. Qa2 Kc8 37. Qa4 f5 38. Rbc1 R6g7 39. Rxc6+ Nxc6 40. Qxc6+
Kb8 41. Nc5 bxc5 42. Rb1+ Qb7 43. Rxb7+ Rxb7 44. Qxe6 Rc8 45. Qxd5 cxd4 46. e6
Rb1 47. Qxd4 Re1 48. Qb4+  1-0

[Event "Hradec Kralove Open 2021 - A FIDE Open"]
[Site "Cernigov hotel, Hradec Kralove"]
[Date "2021.11.08"]
[Round "3"]
[Board "11"]
[White "Lysenko, Volodymyr"]
[Black "Tesar, Jan"]
[Result "1-0"]
[WhiteElo "1845"]
[BlackElo "1966"]
[PlyCount "107"]
[EventDate "2021.11.06"]
[EventRounds "9"]
[EventCountry "CZE"]

1. d4 d5 2. c4 e5 3. dxe5 d4 4. e4 Nc6 5. f4 f6 6. exf6 Nxf6 7. Bd3 Bc5 8. a3
a5 9. e5 Ng4 10. Nf3 Qe7 11. h3 Ne3 12. Bxe3 dxe3 13. Nc3 Be6 14. f5 Bg8 15. e6
O-O-O 16. Nd5 Qd6 17. Qe2 Nd4 18. Nxd4 Qg3+ 19. Kd1 Bxd4 20. Kc2 c6 21. Nc3 g6
22. e7 Re8 23. Ne4 Qe5 24. f6 Bf7 25. Raf1 Bxb2 26. Qg4+ Be6 27. Qf4 Qxf4 28.
Rxf4 Bxa3 29. c5 Kd7 30. f7 Bxf7 31. Rxf7 Rxe7 32. Rxe7+ Kxe7 33. Re1 Ke6 34.
Rxe3 Kd5 35. Bc4+ Kxc4 36. Rxa3 Ra8 37. Rc3+ Kd4 38. Nd6 Ra7 39. Nc8 Ra8 40.
Nb6 Rf8 41. Rc4+ Ke3 42. Kc3 Kf2 43. Rg4 Rf5 44. Kc4 Ke3 45. Nc8 Rf4+ 46. Rxf4
Kxf4 47. Nd6 Kg3 48. Nxb7 Kxg2 49. Nxa5 Kxh3 50. Nxc6 g5 51. Nd4 g4 52. c6 g3
53. c7 g2 54. c8=Q+  1-0

[Event "Hradec Kralove Open 2021 - A FIDE Open"]
[Site "Cernigov hotel, Hradec Kralove"]
[Date "2021.11.08"]
[Round "3"]
[Board "12"]
[White "Tsapanidis, Vasilis"]
[Black "Lifshits, Felix"]
[Result "1/2-1/2"]
[WhiteElo "1785"]
[BlackElo "2185"]
[PlyCount "41"]
[EventDate "2021.11.06"]
[EventRounds "9"]
[EventCountry "CZE"]

1. c4 c6 2. d4 d5 3. Nf3 e6 4. e3 Nf6 5. Bd3 Be7 6. O-O O-O 7. Qc2 b6 8. b3 c5
9. Bb2 Nc6 10. a3 cxd4 11. Nxd4 Nxd4 12. Bxd4 h6 13. Nd2 Bb7 14. cxd5 Qxd5 15.
Nf3 Rac8 16. Qb2 Qh5 17. Be2 Qg6 18. Nh4 Qc2 19. Rfc1 Qxb2 20. Bxb2 Nd7 21. Nf3
 1/2-1/2

[Event "Hradec Kralove Open 2021 - A FIDE Open"]
[Site "Cernigov hotel, Hradec Kralove"]
[Date "2021.11.08"]
[Round "3"]
[Board "15"]
[White "Kulhanek, Jachym"]
[Black "Barabas, Ales"]
[Result "0-1"]
[WhiteElo "1913"]
[BlackElo "1745"]
[PlyCount "86"]
[EventDate "2021.11.06"]
[EventRounds "9"]
[EventCountry "CZE"]

1. e4 c5 2. c3 d6 3. d4 cxd4 4. cxd4 Nf6 5. Nc3 e6 6. Nf3 Be7 7. Bd3 a6 8. O-O
b5 9. Bg5 Nbd7 10. Rc1 Bb7 11. a3 O-O 12. Bb1 Ng4 13. Bxe7 Qxe7 14. Re1 Ngf6
15. Qd3 g6 16. Ba2 Nb6 17. Nd2 Rac8 18. Rf1 Nh5 19. f4 Ng7 20. Rce1 Qf6 21. Re3
d5 22. e5 Qe7 23. Nb3 Nf5 24. Re2 b4 25. axb4 Qxb4 26. g4 Ne7 27. Qh3 a5 28.
Rd1 Ba6 29. Rf2 Na4 30. Nxa4 Qxa4 31. Bb1 Bc4 32. Nc5 Qxd1+ 33. Kg2 Bb5 34. f5
exf5 35. gxf5 Qh5 36. Qb3 Qg4+ 37. Kh1 Qxd4 38. Nd3 Bxd3 39. fxg6 Qxf2 40.
gxh7+ Kh8 41. Qd1 Bxb1 42. Qxb1 Qf3+ 43. Kg1 Qe3+  0-1

[Event "Hradec Kralove Open 2021 - A FIDE Open"]
[Site "Cernigov hotel, Hradec Kralove"]
[Date "2021.11.08"]
[Round "3"]
[Board "17"]
[White "Stary, Lukas"]
[Black "Dusek, Vladimir"]
[Result "1-0"]
[WhiteElo "1887"]
[BlackElo "1635"]
[PlyCount "53"]
[EventDate "2021.11.06"]
[EventRounds "9"]
[EventCountry "CZE"]

1. d4 Nf6 2. Bf4 d5 3. e3 Bf5 4. c4 c6 5. Nc3 e6 6. Qb3 Qb6 7. c5 Qxb3 8. axb3
Nbd7 9. b4 Be7 10. h3 O-O 11. b5 Nb8 12. b4 Nfd7 13. Nf3 f6 14. Bc7 e5 15. bxc6
Nxc6 16. Nxd5 Be4 17. Bc4 Kh8 18. b5 Bxd5 19. Bxd5 Nb4 20. Bxb7 Nc2+ 21. Ke2 {
[%emt 0:00:01]} Nxa1 22. Bxa8 exd4 23. exd4 Rxa8 24. Rxa1 Re8 25. Kf1 Nxc5 26.
dxc5 Bxc5 27. Rd1  1-0

[Event "Hradec Kralove Open 2021 - A FIDE Open"]
[Site "Cernigov hotel, Hradec Kralove"]
[Date "2021.11.08"]
[Round "3"]
[Board "18"]
[White "Svec, Ludek"]
[Black "Zelba, Lukas"]
[Result "1/2-1/2"]
[WhiteElo "1514"]
[BlackElo "1883"]
[PlyCount "75"]
[EventDate "2021.11.06"]
[EventRounds "9"]
[EventCountry "CZE"]

1. d4 Nf6 2. c4 e6 3. Nf3 b6 4. g3 Bb7 5. Bg2 Be7 6. Nc3 Ne4 7. Qc2 Nxc3 8.
Qxc3 O-O 9. O-O f5 10. h4 d6 11. Ng5 Bxg2 12. Kxg2 Qd7 13. d5 Bxg5 14. hxg5 e5
15. f4 Qe7 16. fxe5 dxe5 17. e4 g6 18. exf5 gxf5 19. Re1 e4 20. b3 Qg7 21. Bb2
Qxc3 22. Bxc3 Nd7 23. Rh1 f4 24. gxf4 Rxf4 25. Rh3 Raf8 26. Bd4 R8f5 27. Rg3
Nf8 28. Be3 Rf3 29. Rxf3 Rxf3 30. Bf2 Ng6 31. Bg3 Nf4+ 32. Bxf4 Rxf4 33. Kg3
Rf3+ 34. Kg4 Re3 35. Kf4 Re2 36. Ke5 Rg2 37. Kf4 Re2 38. Ke5  1/2-1/2

[Event "Hradec Kralove Open 2021 - A FIDE Open"]
[Site "Cernigov hotel, Hradec Kralove"]
[Date "2021.11.08"]
[Round "3"]
[Board "24"]
[White "Bruna, Matous"]
[Black "Gloser, Tomas"]
[Result "0-1"]
[WhiteElo "1692"]
[BlackElo "1414"]
[PlyCount "60"]
[EventDate "2021.11.06"]
[EventRounds "9"]
[EventCountry "CZE"]

1. e4 c5 2. Nc3 Nc6 3. f4 g6 4. Nf3 Bg7 5. g3 e6 6. Bg2 Nge7 7. d3 d5 8. O-O d4
9. Ne2 O-O 10. h3 f5 11. g4 fxe4 12. dxe4 b5 13. a4 b4 14. e5 Nd5 15. Ng5 a5
16. Ne4 Qb6 17. Kh1 Ba6 18. Ng5 Nce7 19. Rf3 Bh6 20. h4 Bxg5 21. hxg5 Rad8 22.
Ng3 Bb7 23. Rf1 Ne3 24. Bxe3 dxe3 25. Qe1 Bxg2+ 26. Kxg2 Rd2+ 27. Ne2 Qa6 28.
Kf3 Rxe2 29. Qxe2 Rxf4+ 30. Kxe3 Re4+  0-1

[Event "Hradec Kralove Open 2021 - A FIDE Open"]
[Site "Cernigov hotel, Hradec Kralove"]
[Date "2021.11.09"]
[Round "4"]
[Board "1"]
[White "Plischki, Sebastian"]
[Black "Dambrauskas, Virginijus"]
[Result "1/2-1/2"]
[WhiteElo "2368"]
[BlackElo "2186"]
[PlyCount "116"]
[EventDate "2021.11.06"]
[EventRounds "9"]
[EventCountry "CZE"]

1. Nf3 Nf6 2. c4 c6 3. Nc3 d5 4. e3 e6 5. b3 Be7 6. Bb2 O-O 7. d4 b6 8. Bd3 Bb7
9. O-O Nbd7 10. Qe2 c5 11. cxd5 Nxd5 12. Nxd5 exd5 13. Rfd1 Bf6 14. Rac1 g6 15.
Bb5 Rc8 16. Bxd7 Qxd7 17. dxc5 Bxb2 18. c6 Rxc6 19. Rxc6 Qxc6 20. Qxb2 Rc8 21.
Nd4 Qc5 22. Qe2 Qa3 23. h4 h5 24. Qd2 a6 25. Rb1 Qe7 26. g3 Qa3 27. Kg2 Rc7 28.
Qb2 Qe7 29. Rc1 Rxc1 30. Qxc1 Qc5 31. Qd1 Qe7 32. Qf3 Qe4 33. Qxe4 dxe4 34. g4
hxg4 35. Kg3 Bc8 36. Kf4 Kg7 37. Kxe4 Kh6 38. Kf4 Kh5 39. Kg3 g5 40. hxg5 Kxg5
41. b4 Bd7 42. a3 Be8 43. e4 Ba4 44. f4+ gxf3 45. Nxf3+ Kf6 46. Kf4 a5 47. Nd4
axb4 48. axb4 Bd7 49. e5+ Ke7 50. Ke4 Bh3 51. Ne2 Bg2+ 52. Kd4 Kd7 53. Nf4 Bf3
54. Kc4 Kc6 55. b5+ Kd7 56. Kd4 Kc7 57. Kc4 Kd7 58. Kd4 Kc7  1/2-1/2

[Event "Hradec Kralove Open 2021 - A FIDE Open"]
[Site "Cernigov hotel, Hradec Kralove"]
[Date "2021.11.09"]
[Round "4"]
[Board "2"]
[White "Jirasek, Pavel"]
[Black "Pein, Jonathan"]
[Result "1/2-1/2"]
[WhiteElo "2271"]
[BlackElo "2218"]
[PlyCount "48"]
[EventDate "2021.11.06"]
[EventRounds "9"]
[EventCountry "CZE"]

1. c4 {[%emt 0:00:00]} b6 2. Nc3 Bb7 3. d4 Nf6 4. Nf3 Ne4 5. Nxe4 Bxe4 6. Nd2
Bb7 7. e4 g6 8. Be2 Bg7 9. d5 O-O 10. O-O c6 11. Nf3 Na6 12. Rb1 Nc5 13. Qc2 d6
14. b4 Nd7 15. Be3 Rc8 16. Qa4 Rc7 17. Nd4 Qa8 18. b5 Nc5 19. Qd1 cxb5 20. Nxb5
Rcc8 21. Bg4 Rcd8 22. f3 Bc8 23. Bxc5 Bxg4 24. Bd4 Bd7  1/2-1/2

[Event "Hradec Kralove Open 2021 - A FIDE Open"]
[Site "Cernigov hotel, Hradec Kralove"]
[Date "2021.11.09"]
[Round "4"]
[Board "3"]
[White "Thuesen, Mogens"]
[Black "Lysenko, Volodymyr"]
[Result "1-0"]
[WhiteElo "2188"]
[BlackElo "1845"]
[PlyCount "125"]
[EventDate "2021.11.06"]
[EventRounds "9"]
[EventCountry "CZE"]

1. d4 f5 2. Bg5 g6 3. e3 Bg7 4. Nc3 h6 5. Bh4 Nf6 6. Bd3 d6 7. Bxf6 Bxf6 8. g4
e6 9. Qf3 Nc6 10. gxf5 exf5 11. Nge2 Be6 12. Nf4 Bf7 13. Bb5 O-O 14. Bxc6 bxc6
15. Qxc6 Rb8 16. O-O-O Rb6 17. Qg2 Kh7 18. Nfd5 Rb8 19. Nxf6+ Qxf6 20. Qc6 Qe6
21. d5 Qe7 22. Rd4 Rb6 23. Qa4 Rfb8 24. b3 a6 25. Rhd1 Be8 26. Qa3 Qe5 27. h4
Kg7 28. Ne2 g5 29. hxg5 hxg5 30. Rg1 Kf6 31. Ng3 Bf7 32. Qb2 Rh8 33. Kb1 g4 34.
Ne2 Rh2 35. Nf4 Ke7 36. Nd3 Qf6 37. Qc3 Kd8 38. Qe1 Rh3 39. Nf4 Rh2 40. Rh1 Qh4
41. Rxh2 Qxh2 42. Qf1 Ke7 43. Qg2 Qxg2 44. Nxg2 Kf6 45. Kb2 Rb8 46. Nf4 Rh8 47.
Rd2 Rh2 48. Kc3 Ke5 49. b4 Kf6 50. a4 Be8 51. a5 Bb5 52. Ne6 Rh7 53. Nd4 Bd7
54. Kd3 Ke5 55. c4 f4 56. exf4+ Kxf4 57. Re2 Rh3+ 58. Kd2 Rh7 59. Ne6+ Bxe6 60.
dxe6 Re7 61. b5 c5 62. bxa6 Kf5 63. a7  1-0

[Event "Hradec Kralove Open 2021 - A FIDE Open"]
[Site "Cernigov hotel, Hradec Kralove"]
[Date "2021.11.09"]
[Round "4"]
[Board "4"]
[White "Tsifanskaya, Ludmila A"]
[Black "Valenta, Vit Vaclav"]
[Result "1/2-1/2"]
[WhiteElo "1987"]
[BlackElo "2042"]
[PlyCount "67"]
[EventDate "2021.11.06"]
[EventRounds "9"]
[EventCountry "CZE"]

1. e4 e5 2. d4 exd4 3. Qxd4 Nc6 4. Qc4 Nf6 5. Nc3 Bb4 6. Bd2 Qe7 7. O-O-O O-O
8. f3 d6 9. Qe2 Bd7 10. g4 Qe6 11. Kb1 Nd4 12. Qg2 c5 13. Nh3 Bc6 14. Nf4 Qd7
15. g5 Ne8 16. h4 Nc7 17. h5 Rae8 18. g6 h6 19. Bc4 Nce6 20. gxf7+ Rxf7 21.
Nxe6 Nxe6 22. Bxh6 Bxc3 23. bxc3 b5 24. Bxe6 Qxe6 25. Bc1 Qf6 26. Rh3 Re6 27.
Rg3 Bd7 28. Rg1 Kf8 29. h6 gxh6 30. Qh2 Ke7 31. Qh5 Re5 32. Qxh6 Qxh6 33. Bxh6
d5 34. Bg7  1/2-1/2

[Event "Hradec Kralove Open 2021 - A FIDE Open"]
[Site "Cernigov hotel, Hradec Kralove"]
[Date "2021.11.09"]
[Round "4"]
[Board "5"]
[White "Bergerhoff, Andreas"]
[Black "Sharon, Rafael"]
[Result "0-1"]
[WhiteElo "2039"]
[BlackElo "1810"]
[PlyCount "66"]
[EventDate "2021.11.06"]
[EventRounds "9"]
[EventCountry "CZE"]

1. e4 {[%emt 0:00:00]} c5 2. b4 cxb4 3. a3 d5 4. exd5 Qxd5 5. Nf3 e5 6. axb4
Bxb4 7. c3 Bc5 8. Na3 Bd7 9. d4 exd4 10. cxd4 Bb4+ 11. Bd2 Bxd2+ 12. Qxd2 Nf6
13. Bc4 Qe4+ 14. Be2 O-O 15. O-O Nc6 16. Bd3 Qd5 17. Bc4 Qa5 18. Qb2 Qb4 19.
Qa2 Bf5 20. Nh4 Be4 21. f3 Bd5 22. Rfd1 Rfd8 23. Rab1 Bxc4 24. Nxc4 Qc3 25.
Rbc1 Qb4 26. Nf5 b5 27. Nce3 Nxd4 28. Rb1 Qc5 29. Rbc1 Qb6 30. Ne7+ Kf8 31.
N7d5 Nxd5 32. Nxd5 Ne2+ 33. Kf1 Qg1+  0-1

[Event "Hradec Kralove Open 2021 - A FIDE Open"]
[Site "Cernigov hotel, Hradec Kralove"]
[Date "2021.11.09"]
[Round "4"]
[Board "6"]
[White "Lambrecht, Tomasz"]
[Black "Kamenskyi, Dmytro"]
[Result "1/2-1/2"]
[WhiteElo "1876"]
[BlackElo "1973"]
[PlyCount "67"]
[EventDate "2021.11.06"]
[EventRounds "9"]
[EventCountry "CZE"]

1. d4 e6 2. e4 d5 3. Nd2 c5 4. Ngf3 Nc6 5. exd5 exd5 6. Bb5 Bd6 7. dxc5 Bxc5 8.
O-O Nge7 9. Nb3 Bd6 10. Nbd4 O-O 11. c3 Bg4 12. Qc2 Qc7 13. h3 Bh5 14. Bd3 h6
15. Be3 a6 16. Rae1 Rfe8 17. Nh4 Ne5 18. f4 Nxd3 19. Qxd3 Ng6 20. Nxg6 Bxg6 21.
f5 Bh7 22. Bf2 Qd7 23. Qf3 Be5 24. g4 Rad8 25. Qd1 Bb8 26. Nf3 Qd6 27. Rxe8+
Rxe8 28. Re1 Rd8 29. Qe2 g6 30. fxg6 Bxg6 31. Qe7 Be4 32. Qxd6 Bxd6 33. Nd2 f5
34. Bd4  1/2-1/2

[Event "Hradec Kralove Open 2021 - A FIDE Open"]
[Site "Cernigov hotel, Hradec Kralove"]
[Date "2021.11.09"]
[Round "4"]
[Board "7"]
[White "Stary, Lukas"]
[Black "Maryasin, Boris"]
[Result "0-1"]
[WhiteElo "1887"]
[BlackElo "2286"]
[PlyCount "44"]
[EventDate "2021.11.06"]
[EventRounds "9"]
[EventCountry "CZE"]

1. c4 c5 2. Nf3 Nc6 3. Nc3 g6 4. e3 Nf6 5. Be2 Bg7 6. d4 cxd4 7. Nxd4 O-O 8.
O-O d6 9. e4 Nxe4 10. Nxc6 Nxc3 11. Nxd8 Nxd1 12. Nxf7 Nxb2 13. Nh6+ Kh8 14.
Rb1 Na4 15. Bf3 Nc3 16. Rb2 Be6 17. Re1 Bxc4 18. Rxe7 Rae8 19. Rbxb7 Bd5 20.
Bxd5 Nxd5 21. Rxe8 Rxe8 22. Bd2 Bxh6  0-1